000 00696nam a2200205 a 4500
001 000010924
005 20240412074221.0
008 091013t1970 dr r 001 p spa d
040 _aDO-SdBNP
_bspa
_cBNPHU
090 _aRD861.44
_bP833s
100 1 _aPorcella de Brea, Leonor
_926339
245 1 0 _aSed y hambre /
_cLeonor Porcella de Brea ; prólogo Pedro Troncoso Sánchez.
260 _aSanto Domingo :
_bAmigo del Hogar,
_c1970.
300 _a179 p. ;
_c23 cm.
590 _aInventariado, 2018/BT
650 0 _aPoesía dominicana
_966
650 0 _aLiteratura dominicana.
_967
700 1 _aTroncoso Sánchez, Pedro,
_d1904-1989
_epról.
_923599
910 _aValidado. Control de calidad. EMS
999 _c10662
_d10662